Spracovanie zberového papiera vo svete a v papierenskom priemysle SR
Dominujúcim v papiernickom priemysle je environmentálny faktor a do popredia vstupujú tzv. ekologické výrobky, vyrábané na báze recyklovaných vlákien. Zberový papier sa stáva významnou medzinárodnou obchodnou komoditou. Nedostatočná motivácia výrobcov využívajúcich zberový papier. Zmena legislatívy.
Gespeichert in:
| 1. Verfasser: | |
|---|---|
| Format: | Buchkapitel |
| Sprache: | Slowakisch |
| Schlagworte: | |
| Tags: |
Keine Tags, Fügen Sie das erste Tag hinzu!
|
MARC
| LEADER | 00000naa a2200000 4500 | ||
|---|---|---|---|
| 001 | r020558 | ||
| 005 | 20221205103341.0 | ||
| 041 | 0 | |a slo | |
| 044 | |a SK | ||
| 245 | 1 | 0 | |a Spracovanie zberového papiera vo svete a v papierenskom priemysle SR |c I. Masloviec |
| 520 | |a Dominujúcim v papiernickom priemysle je environmentálny faktor a do popredia vstupujú tzv. ekologické výrobky, vyrábané na báze recyklovaných vlákien. Zberový papier sa stáva významnou medzinárodnou obchodnou komoditou. Nedostatočná motivácia výrobcov využívajúcich zberový papier. Zmena legislatívy. | ||
| 610 | 2 | 0 | |a papier |
| 610 | 2 | 0 | |a spracovanie odpadu |
| 610 | 2 | 0 | |a priemysel papiernický |
| 610 | 2 | 0 | |a Slovensko |
| 610 | 2 | 0 | |a zber surovín |
| 610 | 2 | 0 | |a recyklácia odpadu |
| 610 | 2 | 0 | |a legislatíva |
| 100 | 1 | |a Masloviec, I. | |